000 00192nam a22000737a 4500
999 _c24098
_d24098
003 Nust
005 20170515172006.0
008 140507b xxu||||| |||| 00| 0 eng d
020 _cAvailable
040 _aDLC
_bDLC
_cRCMS
082 _a302 VEC
100 _aVecchio, Robert P
_9780
245 _aOrganizational Behaviour
250 _a2nd,ed.
260 _aIslamabad
_bNational Book Foundation
_cc2000
300 _axix,874,p:
_bill:
_c26,cm.
538 _iShelf # 15, Row # 4, Communication.
650 _aOrganisational Behavior
_9781
856 _3Table of Content Only
942 _2ddc
_cBK
_k302 VCE